| 000 -LEADER |
| fixed length control field |
00621nam a22002177a 4500 |
| 005 - DATE AND TIME OF LATEST TRANSACTION |
| control field |
20231006154542.0 |
| 008 - FIXED-LENGTH DATA ELEMENTS--GENERAL INFORMATION |
| fixed length control field |
231006b ||||| |||| 00| 0 eng d |
| 020 ## - INTERNATIONAL STANDARD BOOK NUMBER |
| International Standard Book Number |
9781407809762 |
| 040 ## - CATALOGING SOURCE |
| Transcribing agency |
KH8 |
| 082 ## - DEWEY DECIMAL CLASSIFICATION NUMBER |
| Classification number |
FIC MAT |
| 100 ## - MAIN ENTRY--PERSONAL NAME |
| Personal name |
Matthews, Andrew, |
| Dates associated with a name |
1948- |
| Relator term |
author |
| 245 ## - TITLE STATEMENT |
| Title |
The merchant of Venice / |
| Statement of responsibility, etc. |
Andrew Matthews |
| 250 ## - EDITION STATEMENT |
| Edition statement |
Slipcase edition |
| 260 ## - PUBLICATION, DISTRIBUTION, ETC. |
| Place of publication, distribution, etc. |
London, |
| Name of publisher, distributor, etc. |
Orchard, |
| Date of publication, distribution, etc. |
2013 |
| 300 ## - PHYSICAL DESCRIPTION |
| Extent |
51 pages : |
| Other physical details |
illustrations |
| 650 ## - SUBJECT ADDED ENTRY--TOPICAL TERM |
| Topical term or geographic name entry element |
Literary adaptation |
| 650 ## - SUBJECT ADDED ENTRY--TOPICAL TERM |
| Topical term or geographic name entry element |
Shakespeare, |
| Form subdivision |
William |
| 650 ## - SUBJECT ADDED ENTRY--TOPICAL TERM |
| Topical term or geographic name entry element |
Shakespeare |
| Form subdivision |
William Adaptations |
| 700 ## - ADDED ENTRY--PERSONAL NAME |
| Personal name |
Tony Ross |
| Relator term |
author |
| 942 ## - ADDED ENTRY ELEMENTS (KOHA) |
| Source of classification or shelving scheme |
|
| Koha item type |
Books - Fiction |